| 000 | 00434nam a2200157Ia 4500 | ||
|---|---|---|---|
| 008 | 160316s1963 xxu||||| |||| 00| 0 eng d | ||
| 082 |
_a341.733000 _bBRO |
||
| 100 | _aBrownlie Ian | ||
| 245 | _aInternational law and the use of force by states | ||
| 250 | _a | ||
| 260 |
_aOxford _bClarendon Press _c1963 |
||
| 300 |
_a532 _b _cix |
||
| 365 | _b | ||
| 650 | _a1.International Co-operation - Peace Disarmament - Weapons | ||
| 700 |
_a _a |
||
| 999 |
_c9586 _d9586 |
||